000 01721cam a2200373 a 4500
001 EDZ0000116379
003 StDuBDS
005 20161031105126.0
006 m||||||||d||||||||
007 cr |||||||||||
008 130111s2005 enka fo| 000|0|eng d
020 _a9781446261606 (ebook) :
_cNo price
040 _aStDuBDS
_beng
_cStDuBDS
_epn
049 _aAlfaisal Main Library
050 0 _aH62
_b.E8477 2005
082 0 4 _a300.723
_223
245 0 0 _aEvaluation research methods
_h[electronic resource] /
_cedited by Elliot Stern.
260 _aLondon :
_bSAGE,
_c2005.
300 _a1 online resource (4 v. (various pagings)) :
_bill.
490 1 _aSAGE benchmarks in social research methods
505 0 _av. 1. Foundations issues in evaluation -- v. 2. Evaluation practice for engagement -- v. 3. Explanatory and economic models -- v. 4. Strengthening policies and programmes.
520 8 _aEvaluation is a set of research methods and associated methodologies with a distinctive purpose. This collection offers an unparalleled guide to this rapidly expanding research method by demonstrating how method and theory are applied in policy and strategy.
521 _aSpecialized.
588 _aDescription based on print version record.
504 _aIncludes bibliographical references.
650 0 _aEvaluation research (Social action programs)
_xMethodology.
655 7 _aElectronic books.
_2local
700 1 _aStern, Elliot.
710 2 _aSage eBooks
776 0 8 _iPrint version :
_z9781412901529
830 0 _aSAGE benchmarks in social research methods.
856 4 0 _uhttp://ezproxy.alfaisal.edu/login?url=http://sk.sagepub.com/navigator/evaluation-research-methods
942 _2lcc
_cEBOOKS
999 _c479830
_d479830